Lingüística y literatura

Gorde:
Xehetasun bibliografikoak
Egile nagusia: Spillner, Bernd
Formatua: Liburua
Hizkuntza:Undetermined
Argitaratua: Madrid, España Gredos 1979
Gaiak:
Etiketak: Etiketa erantsi
Etiketarik gabe, Izan zaitez lehena erregistro honi etiketa jartzen!

MARC

LEADER 00000nam a2200000Ia 4500
008 170316s9999 xx 000 0 und d
090 |a 410 S-20L 
100 |a Spillner, Bernd 
245 |a Lingüística y literatura 
260 |a Madrid, España 
260 |b Gredos 
260 |c 1979 
300 |a 252 páginas 
650 |a LINGÜÍSTICA 
999 |c 18735  |d 18735 
040 |a cru BVZT 
942 |c 15 D  |h 410 S-20L  |2 z